000 00585nam a22002177a 4500
003 UA-OsUOA
001 34769
007 ta
008 20051020b un ||||| |||| 00| 0 ukr d
090 _a94(477).042.3
_bТ66
942 _cBK
040 _aUA-OsUOA
_bukr
_cUA-OsUOA
_dUA-OsUOA
245 _a300-річчя возз'єднання України з Росією
300 _a66 с.
955 _a2
041 _aukr
080 _a94(477).042.3
260 _aК.
_bАНУ
_c1953
650 7 _a9 Географія. Біографії. Історія
_2UDC
999 _c321204
_d321204